000
00301 a2200133 4500
000
nam a22 7a 4500
100
_a
Mel, Slater
110
_a
Mel, Slater
245
_a
Bayesian Methods in Statistics
250
_a
latest edition
260
_b
Sage
_c
2025
264
_b
Sage
_c
2025
942
_c
BK
999
_c
397141
_d
397141